000 00274nam a2200121Ia 4500
008 190216s9999||||xx |||||||||||||| ||und||
100 _aSkaria P P
245 0 _aIndian Economics
260 _bPaico Pub.House Ekm
_c1971
300 _a206p
650 _aEconomics
942 _cBK
999 _c9687
_d9687